[Event "DVM U12 2023"]
[Site "Magdeburg GER"]
[Date "2023.12.29"]
[Round "6"]
[White "Vlach, Ludwig"]
[Black "Ensslen, Jakob"]
[Result "1/2-1/2"]
[Termination "normal"]
[Board "10.1"]
[WhiteElo "1363"]
[BlackElo "1624"]
[WhiteClock "00:37:31"]
[BlackClock "00:11:49"]
[WhiteTeam "SG Trier 1877"]
[BlackTeam "Karlsruher SF 1853"]
[PlyCount "53"]
[WhiteFideId "4007344"]
[BlackFideId "34640258"]
[EventCountry "GER"]
[EventRounds "7"]
[EventType "team-swiss"]
[EventDate "2023.12.26"]

1. e4 {[%clk 01:30:54]} {[%emt 00:00:05]} e5 {[%clk 01:30:46]} {[%emt
00:00:14]} 2. Nf3 {[%clk 01:31:19]} {[%emt 00:00:05]} Nc6 {[%clk 01:31:09]}
{[%emt 00:00:07]} 3. Bb5 {[%clk 01:31:44]} {[%emt 00:00:05]} a6 {[%clk
01:31:28]} {[%emt 00:00:12]} 4. Ba4 {[%clk 01:32:09]} {[%emt 00:00:06]} Nf6
{[%clk 01:31:43]} {[%emt 00:00:13]} 5. O-O {[%clk 01:32:30]} {[%emt 00:00:08]}
Be7 {[%clk 01:31:00]} {[%emt 00:01:13]} 6. Re1 {[%clk 01:30:49]} {[%emt
00:02:12]} b5 {[%clk 01:30:42]} {[%emt 00:00:48]} 7. Bb3 {[%clk 01:31:15]}
{[%emt 00:00:04]} d6 {[%clk 01:29:32]} {[%emt 00:01:40]} 8. h3 {[%clk
01:31:31]} {[%emt 00:00:14]} Na5 {[%clk 01:27:26]} {[%emt 00:02:35]} 9. c3
{[%clk 01:27:18]} {[%emt 00:04:44]} c5 {[%clk 01:24:21]} {[%emt 00:03:35]} 10.
d4 {[%clk 01:20:59]} {[%emt 00:06:48]} Qc7 {[%clk 01:14:00]} {[%emt 00:10:51]}
11. Be3 {[%clk 01:10:32]} {[%emt 00:10:57]} Nxe4 {[%clk 00:54:51]} {[%emt
00:19:38]} 12. Bd5 {[%clk 01:07:26]} {[%emt 00:03:37]} Bb7 {[%clk 00:54:53]}
{[%emt 00:00:28]} 13. Bxb7 {[%clk 01:07:18]} {[%emt 00:00:38]} Nxb7 {[%clk
00:53:35]} {[%emt 00:01:49]} 14. dxe5 {[%clk 01:01:28]} {[%emt 00:06:20]} Rd8
{[%clk 00:41:34]} {[%emt 00:12:51]} 15. e6 {[%clk 00:55:07]} {[%emt 00:06:50]}
fxe6 {[%clk 00:39:32]} {[%emt 00:02:31]} 16. Bf4 {[%clk 00:53:47]} {[%emt
00:01:50]} Nf6 {[%clk 00:32:20]} {[%emt 00:07:42]} 17. Rxe6 {[%clk 00:52:47]}
{[%emt 00:01:30]} O-O {[%clk 00:31:15]} {[%emt 00:01:35]} 18. Nbd2 {[%clk
00:46:25]} {[%emt 00:06:53]} Rfe8 {[%clk 00:30:09]} {[%emt 00:01:35]} 19. Ne4
{[%clk 00:44:04]} {[%emt 00:02:52]} Nxe4 {[%clk 00:28:37]} {[%emt 00:02:02]}
20. Rxe4 {[%clk 00:44:24]} {[%emt 00:00:10]} Bf8 {[%clk 00:27:04]} {[%emt
00:02:03]} 21. Rxe8 {[%clk 00:43:01]} {[%emt 00:01:53]} Rxe8 {[%clk 00:26:15]}
{[%emt 00:01:20]} 22. Ng5 {[%clk 00:41:30]} {[%emt 00:02:01]} g6 {[%clk
00:15:22]} {[%emt 00:11:23]} 23. Qd5+ {[%clk 00:37:31]} {[%emt 00:04:29]} Kh8
{[%clk 00:13:40]} {[%emt 00:02:12]} 24. Nf7+ {[%clk 00:37:31]} {[%emt
00:00:30]} Kg7 {[%clk 00:11:49]} {[%emt 00:02:21]} 25. Bh6+ {[%emt 00:02:56]}
Kf6 {[%emt 00:00:07]} 26. Bg5+ Kg7 {[%emt 00:00:01]} 27. Bh6+ 1/2-1/2

[Event "DVM U12 2023"]
[Site "Magdeburg GER"]
[Date "2023.12.29"]
[Round "6"]
[White "Maier, Kalle"]
[Black "Classen, Marnin"]
[Result "0-1"]
[Termination "normal"]
[Board "10.2"]
[WhiteElo "1436"]
[BlackElo "1383"]
[WhiteClock "00:22:58"]
[BlackClock "01:19:20"]
[WhiteTeam "Karlsruher SF 1853"]
[BlackTeam "SG Trier 1877"]
[PlyCount "130"]
[WhiteFideId "34669604"]
[BlackFideId "34623833"]
[EventCountry "GER"]
[EventRounds "7"]
[EventType "team-swiss"]
[EventDate "2023.12.26"]

1. e4 {[%clk 01:30:54]} {[%emt 00:00:05]} c5 {[%clk 01:30:48]} {[%emt
00:00:12]} 2. Nf3 {[%clk 01:31:20]} {[%emt 00:00:05]} Nc6 {[%clk 01:31:12]}
{[%emt 00:00:06]} 3. d4 {[%clk 01:31:31]} {[%emt 00:00:19]} cxd4 {[%clk
01:31:36]} {[%emt 00:00:07]} 4. Nxd4 {[%clk 01:31:58]} {[%emt 00:00:02]} Nf6
{[%clk 01:31:53]} {[%emt 00:00:13]} 5. Nc3 {[%clk 01:32:14]} {[%emt 00:00:13]}
g6 {[%clk 01:32:15]} {[%emt 00:00:08]} 6. Be3 {[%clk 01:31:40]} {[%emt
00:01:03]} d6 {[%clk 01:32:35]} {[%emt 00:00:11]} 7. Be2 {[%clk 01:30:11]}
{[%emt 00:01:59]} Bg7 {[%clk 01:32:47]} {[%emt 00:00:18]} 8. O-O {[%clk
01:26:16]} {[%emt 00:04:25]} O-O {[%clk 01:33:07]} {[%emt 00:00:10]} 9. Nf3
{[%clk 01:22:59]} {[%emt 00:03:48]} Bd7 {[%clk 01:32:24]} {[%emt 00:01:14]} 10.
h3 {[%emt 00:07:55]} Qc7 {[%clk 01:31:24]} {[%emt 00:00:17]} 11. Rb1 {[%clk
01:06:41]} {[%emt 00:10:34]} a6 {[%clk 01:31:22]} {[%emt 00:00:32]} 12. a3
{[%clk 01:03:46]} {[%emt 00:03:25]} Rab8 {[%clk 01:29:57]} {[%emt 00:01:55]}
13. Nd5 {[%clk 00:56:33]} {[%emt 00:07:43]} Nxd5 {[%clk 01:30:03]} {[%emt
00:00:25]} 14. exd5 {[%clk 00:56:17]} {[%emt 00:00:46]} Ne5 {[%clk 01:30:00]}
{[%emt 00:00:33]} 15. Nxe5 {[%clk 00:55:47]} {[%emt 00:01:00]} Bxe5 {[%clk
01:30:21]} {[%emt 00:00:08]} 16. Bg4 {[%clk 00:51:43]} {[%emt 00:04:35]} Bxg4
{[%clk 01:27:21]} {[%emt 00:03:30]} 17. hxg4 {[%clk 00:51:43]} {[%emt
00:00:30]} Rfc8 {[%clk 01:27:31]} {[%emt 00:00:19]} 18. c3 {[%clk 00:49:49]}
{[%emt 00:02:25]} Bg7 {[%clk 01:27:39]} {[%emt 00:00:22]} 19. Qd2 {[%clk
00:44:46]} {[%emt 00:05:33]} Qd7 {[%clk 01:27:45]} {[%emt 00:00:24]} 20. f3
{[%clk 00:41:21]} {[%emt 00:03:55]} Rc4 {[%clk 01:17:35]} {[%emt 00:10:39]} 21.
Rbd1 {[%clk 00:29:40]} {[%emt 00:12:10]} Rbc8 {[%clk 01:17:16]} {[%emt
00:00:50]} 22. Rfe1 {[%clk 00:25:20]} {[%emt 00:04:50]} b5 {[%clk 01:16:20]}
{[%emt 00:01:25]} 23. Kh1 {[%clk 00:16:23]} {[%emt 00:09:28]} Qb7 {[%clk
01:15:48]} {[%emt 00:01:01]} 24. Bg5 {[%clk 00:10:58]} {[%emt 00:05:56]} R8c7
{[%clk 01:09:41]} {[%emt 00:06:37]} 25. Re2 {[%clk 00:09:09]} {[%emt 00:02:20]}
Rd7 {[%clk 01:07:47]} {[%emt 00:02:23]} 26. Rde1 {[%clk 00:07:46]} {[%emt
00:01:53]} Rcc7 {[%clk 01:07:57]} {[%emt 00:00:19]} 27. Re3 {[%clk 00:06:15]}
{[%emt 00:02:02]} Kf8 {[%clk 01:06:49]} {[%emt 00:01:38]} 28. R3e2 {[%clk
00:04:04]} {[%emt 00:02:41]} Kg8 {[%clk 01:06:56]} {[%emt 00:00:22]} 29. f4
{[%clk 00:03:14]} {[%emt 00:01:20]} Kf8 {[%clk 01:03:04]} {[%emt 00:04:22]} 30.
Qe3 {[%clk 00:01:22]} {[%emt 00:02:23]} a5 {[%clk 01:02:21]} {[%emt 00:01:13]}
31. Qh3 {[%clk 00:00:37]} {[%emt 00:01:15]} Kg8 {[%clk 01:02:04]} {[%emt
00:00:46]} 32. Bh6 {[%clk 00:00:48]} {[%emt 00:00:19]} Qxd5 {[%clk 00:53:12]}
{[%emt 00:09:23]} 33. Bxg7 {[%clk 00:00:58]} {[%emt 00:00:20]} Kxg7 {[%clk
00:53:32]} {[%emt 00:00:10]} 34. g5 {[%clk 00:01:09]} {[%emt 00:00:18]} e6
{[%clk 00:53:02]} {[%emt 00:01:00]} 35. Qe3 {[%clk 00:01:07]} {[%emt 00:00:31]}
Qc5 {[%clk 00:53:00]} {[%emt 00:00:33]} 36. Qxc5 {[%clk 00:01:09]} {[%emt
00:00:28]} Rxc5 {[%clk 00:53:23]} {[%emt 00:00:06]} 37. Rd1 {[%clk 00:01:16]}
{[%emt 00:00:23]} a4 {[%clk 00:53:32]} {[%emt 00:00:21]} 38. Red2 {[%clk
00:01:23]} {[%emt 00:00:24]} d5 {[%clk 00:53:47]} {[%emt 00:00:15]} 39. g3
{[%clk 00:01:14]} {[%emt 00:00:39]} Rc4 {[%clk 00:54:07]} {[%emt 00:00:10]} 40.
Rd4 {[%clk 00:01:24]} {[%emt 00:00:19]} Rdc7 {[%clk 00:54:24]} {[%emt
00:00:13]} 41. Kg2 {[%clk 00:01:17]} {[%emt 00:00:37]} f6 {[%clk 00:54:42]}
{[%emt 00:00:12]} 42. gxf6+ {[%emt 00:00:30]} Kxf6 {[%clk 00:55:06]} {[%emt
00:00:05]} 43. g4 {[%clk 00:01:25]} {[%emt 00:00:23]} Rxd4 {[%clk 00:55:23]}
{[%emt 00:00:12]} 44. Rxd4 {[%clk 00:01:37]} {[%emt 00:00:19]} Rc4 {[%clk
00:55:11]} {[%emt 00:00:41]} 45. Kf3 {[%clk 00:01:49]} {[%emt 00:00:19]} h6
{[%clk 00:55:24]} {[%emt 00:00:16]} 46. Kg3 {[%clk 00:01:31]} {[%emt 00:00:49]}
g5 {[%clk 00:50:37]} {[%emt 00:05:18]} 47. fxg5+ {[%clk 00:28:15]} {[%emt
00:03:45]} hxg5 {[%clk 01:20:13]} {[%emt 00:00:53]} 48. Kf3 {[%clk 00:28:22]}
{[%emt 00:00:23]} Rxd4 {[%clk 01:19:33]} {[%emt 00:01:11]} 49. cxd4 {[%clk
00:28:26]} {[%emt 00:00:26]} e5 {[%clk 01:19:25]} {[%emt 00:00:37]} 50. Ke3
{[%clk 00:28:04]} {[%emt 00:00:53]} e4 {[%clk 01:19:16]} {[%emt 00:00:39]} 51.
Kd2 {[%clk 00:27:34]} {[%emt 00:01:01]} Ke6 {[%clk 01:19:29]} {[%emt 00:00:16]}
52. Kc3 {[%clk 00:27:09]} {[%emt 00:00:55]} Kd6 {[%clk 01:19:47]} {[%emt
00:00:12]} 53. b4 {[%clk 00:26:50]} {[%emt 00:00:49]} axb3 {[%clk 01:19:59]}
{[%emt 00:00:18]} 54. Kxb3 {[%clk 00:26:40]} {[%emt 00:00:40]} Kc6 {[%clk
01:20:22]} {[%emt 00:00:06]} 55. Kc3 {[%clk 00:26:20]} {[%emt 00:00:51]} Kb6
{[%clk 01:20:43]} {[%emt 00:00:09]} 56. Kb4 {[%clk 00:25:53]} {[%emt 00:00:57]}
Ka6 57. Kb3 Ka5 58. Kc3 Ka4 59. Kb2 b4 60. Kb1 Kxa3 61. Ka1 b3 62. Kb1 e3 63.
Kc1 b2+ 64. Kc2 e2 65. Kd3 e1=Q 66. Kc2 b1=B# 0-1

[Event "DVM U12 2023"]
[Site "Magdeburg GER"]
[Date "2023.12.29"]
[Round "6"]
[White "Classen, Miguel"]
[Black "Müller, Maximilian"]
[Result "1-0"]
[Termination "normal"]
[Board "10.3"]
[WhiteElo "1168"]
[BlackElo "1250"]
[WhiteClock "01:23:38"]
[BlackClock "01:01:03"]
[WhiteTeam "SG Trier 1877"]
[BlackTeam "Karlsruher SF 1853"]
[PlyCount "65"]
[WhiteFideId "34623825"]
[BlackFideId "34640282"]
[EventCountry "GER"]
[EventRounds "7"]
[EventType "team-swiss"]
[EventDate "2023.12.26"]

1. e4 {[%clk 01:30:59]} c6 {[%clk 01:30:55]} {[%emt 00:00:05]} 2. Nf3 {[%clk
01:31:03]} {[%emt 00:00:26]} d5 {[%clk 01:31:17]} {[%emt 00:00:08]} 3. Nc3
{[%clk 01:31:28]} {[%emt 00:00:04]} dxe4 {[%clk 01:31:34]} {[%emt 00:00:15]} 4.
Nxe4 {[%clk 01:31:49]} {[%emt 00:00:08]} Bg4 {[%clk 01:31:57]} {[%emt
00:00:07]} 5. h3 {[%clk 01:32:04]} {[%emt 00:00:15]} Bxf3 {[%clk 01:32:21]}
{[%emt 00:00:06]} 6. Qxf3 {[%clk 01:32:26]} {[%emt 00:00:07]} e6 {[%clk
01:32:36]} {[%emt 00:00:16]} 7. d4 {[%clk 01:32:08]} {[%emt 00:00:47]} Be7
{[%clk 01:32:20]} {[%emt 00:00:45]} 8. Be3 {[%clk 01:31:19]} {[%emt 00:01:19]}
Nf6 {[%clk 01:32:08]} {[%emt 00:00:42]} 9. Bd3 {[%clk 01:30:51]} {[%emt
00:00:58]} Nbd7 {[%clk 01:31:43]} {[%emt 00:00:55]} 10. Nxf6+ {[%clk 01:30:37]}
{[%emt 00:00:44]} Nxf6 {[%clk 01:31:58]} {[%emt 00:00:15]} 11. Qg3 {[%clk
01:30:31]} {[%emt 00:00:36]} Rg8 {[%clk 01:27:13]} {[%emt 00:05:16]} 12. O-O-O
{[%clk 01:28:50]} {[%emt 00:02:10]} Bd6 {[%clk 01:24:56]} {[%emt 00:02:46]} 13.
Bf4 {[%clk 01:28:34]} {[%emt 00:00:48]} Bxf4+ {[%clk 01:24:51]} {[%emt
00:00:34]} 14. Qxf4 {[%clk 01:28:51]} {[%emt 00:00:14]} h6 {[%clk 01:22:45]}
{[%emt 00:02:36]} 15. c3 {[%clk 01:28:34]} {[%emt 00:00:46]} Qa5 {[%clk
01:22:08]} {[%emt 00:01:07]} 16. a3 {[%clk 01:27:58]} {[%emt 00:01:07]} Qb6
{[%clk 01:18:06]} {[%emt 00:04:31]} 17. Qe5 {[%clk 01:27:50]} {[%emt 00:00:37]}
Qd8 {[%clk 01:15:10]} {[%emt 00:03:27]} 18. Rde1 {[%clk 01:27:11]} {[%emt
00:01:09]} Qd5 {[%clk 01:13:50]} {[%emt 00:01:50]} 19. f4 {[%clk 01:25:32]}
{[%emt 00:02:09]} Qxe5 {[%clk 01:11:10]} {[%emt 00:03:10]} 20. Rxe5 {[%clk
01:25:40]} {[%emt 00:00:21]} O-O-O {[%clk 01:10:28]} {[%emt 00:01:13]} 21. f5
{[%clk 01:25:20]} {[%emt 00:00:50]} Rge8 {[%clk 01:08:09]} {[%emt 00:02:49]}
22. Rhe1 {[%clk 01:25:03]} {[%emt 00:00:47]} Rd5 {[%clk 01:05:50]} {[%emt
00:03:20]} 23. fxe6 {[%clk 01:25:23]} {[%emt 00:00:39]} Rxe5 {[%clk 01:05:07]}
{[%emt 00:01:15]} 24. dxe5 {[%clk 01:24:48]} {[%emt 00:01:05]} Nd5 {[%clk
01:03:51]} {[%emt 00:01:46]} 25. exf7 {[%clk 01:24:54]} {[%emt 00:00:23]} Rf8
{[%clk 01:04:05]} {[%emt 00:00:16]} 26. e6 {[%clk 01:25:07]} {[%emt 00:00:16]}
Kd8 {[%clk 01:04:06]} {[%emt 00:00:30]} 27. Bc4 {[%clk 01:24:35]} {[%emt
00:01:02]} Ke7 {[%clk 01:04:14]} {[%emt 00:00:21]} 28. Bxd5 {[%clk 01:23:53]}
{[%emt 00:01:13]} cxd5 {[%clk 01:04:35]} {[%emt 00:00:09]} 29. Kd2 {[%clk
01:24:04]} {[%emt 00:00:18]} a5 {[%clk 01:03:14]} {[%emt 00:01:53]} 30. Kd3
{[%clk 01:24:14]} {[%emt 00:00:20]} Rc8 {[%clk 01:02:43]} {[%emt 00:01:01]} 31.
Kd4 {[%clk 01:24:28]} {[%emt 00:00:16]} Rd8 {[%clk 01:02:34]} {[%emt 00:00:39]}
32. Ke5 {[%clk 01:24:31]} {[%emt 00:00:27]} Rd6 {[%clk 01:01:03]} {[%emt
00:02:01]} 33. f8=Q+ {[%clk 01:23:38]} {[%emt 00:01:23]} 1-0

[Event "DVM U12 2023"]
[Site "Magdeburg GER"]
[Date "2023.12.29"]
[Round "6"]
[White "Volz, Alexander Sebastian"]
[Black "Gilcher, Tamino"]
[Result "0-1"]
[Termination "normal"]
[Board "10.4"]
[WhiteElo "1159"]
[BlackElo "1207"]
[WhiteClock "01:19:42"]
[BlackClock "00:40:10"]
[WhiteTeam "Karlsruher SF 1853"]
[BlackTeam "SG Trier 1877"]
[PlyCount "60"]
[WhiteFideId "34681760"]
[BlackFideId "34681787"]
[EventCountry "GER"]
[EventRounds "7"]
[EventType "team-swiss"]
[EventDate "2023.12.26"]

1. e4 {[%clk 01:30:57]} {[%emt 00:00:02]} d5 {[%clk 01:30:51]} {[%emt
00:00:09]} 2. exd5 {[%clk 01:31:18]} {[%emt 00:00:10]} Qxd5 {[%clk 01:31:11]}
{[%emt 00:00:09]} 3. Nc3 {[%clk 01:31:37]} {[%emt 00:00:11]} Qa5 {[%clk
01:31:31]} {[%emt 00:00:10]} 4. Nf3 {[%clk 01:31:26]} {[%emt 00:00:41]} Nf6
{[%clk 01:31:51]} {[%emt 00:00:10]} 5. d4 {[%clk 01:30:31]} {[%emt 00:01:25]}
c6 {[%clk 01:32:11]} {[%emt 00:00:11]} 6. Bd3 {[%clk 01:30:27]} {[%emt
00:00:34]} Bg4 {[%clk 01:32:26]} {[%emt 00:00:16]} 7. O-O {[%clk 01:29:32]}
{[%emt 00:01:25]} Nbd7 {[%clk 01:32:21]} {[%emt 00:00:35]} 8. Be3 {[%clk
01:29:20]} {[%emt 00:00:42]} e6 {[%clk 01:32:15]} {[%emt 00:00:37]} 9. Qe2
{[%clk 01:26:36]} {[%emt 00:03:13]} Bd6 {[%clk 01:32:27]} {[%emt 00:00:19]} 10.
Rfe1 {[%clk 01:23:55]} {[%emt 00:03:10]} Qh5 {[%clk 01:32:25]} {[%emt
00:00:32]} 11. h3 {[%clk 01:21:39]} {[%emt 00:02:47]} Bxh3 {[%clk 01:06:20]}
{[%emt 00:26:35]} 12. gxh3 {[%clk 01:21:15]} {[%emt 00:00:55]} Qxh3 {[%clk
01:04:42]} {[%emt 00:02:08]} 13. Ne4 {[%clk 01:20:46]} {[%emt 00:00:57]} Nxe4
{[%clk 01:04:22]} {[%emt 00:00:51]} 14. Bxe4 {[%clk 01:20:51]} {[%emt
00:00:25]} Nf6 {[%clk 01:04:46]} {[%emt 00:00:07]} 15. Nd2 {[%clk 01:20:53]}
{[%emt 00:00:25]} Nxe4 {[%clk 01:04:46]} {[%emt 00:00:32]} 16. f4 {[%clk
01:20:27]} {[%emt 00:00:56]} Nxd2 {[%clk 00:56:48]} {[%emt 00:08:28]} 17. Qxd2
{[%clk 01:20:29]} {[%emt 00:00:27]} h6 {[%clk 00:55:32]} {[%emt 00:01:48]} 18.
Qg2 {[%clk 01:18:57]} {[%emt 00:02:01]} Qxg2+ {[%clk 00:55:18]} {[%emt
00:00:44]} 19. Kxg2 {[%clk 01:19:20]} {[%emt 00:00:07]} f6 {[%clk 00:55:43]}
{[%emt 00:00:05]} 20. c4 {[%clk 01:19:17]} {[%emt 00:00:33]} g5 {[%clk
00:45:50]} {[%emt 00:10:23]} 21. fxg5 {[%clk 01:19:42]} {[%emt 00:00:05]} hxg5
{[%clk 00:45:32]} {[%emt 00:00:49]} 22. Rh1 {[%clk 01:20:00]} {[%emt 00:00:11]}
O-O-O {[%clk 00:43:22]} {[%emt 00:00:25]} 23. a4 Rxh1 {[%emt 00:02:17]} 24.
Rxh1 {[%clk 01:20:23]} {[%emt 00:00:04]} f5 {[%clk 00:43:22]} {[%emt 00:00:31]}
25. Bxg5 {[%clk 01:20:40]} {[%emt 00:00:14]} Rg8 {[%clk 00:43:43]} {[%emt
00:00:09]} 26. Kf3 {[%clk 01:20:41]} {[%emt 00:00:28]} Rxg5 {[%clk 00:43:59]}
{[%emt 00:00:14]} 27. Ke3 {[%clk 01:20:53]} {[%emt 00:00:18]} Rg3+ {[%clk
00:39:26]} {[%emt 00:05:03]} 28. Ke2 {[%clk 01:19:34]} {[%emt 00:01:50]} Rb3
{[%emt 00:00:17]} 29. Rb1 {[%clk 01:19:44]} {[%emt 00:00:18]} Rb4 {[%clk
00:39:58]} {[%emt 00:00:13]} 30. Kd3 {[%clk 01:19:42]} {[%emt 00:00:31]} Rxa4
{[%clk 00:40:10]} {[%emt 00:00:18]} 0-1

[Event "DVM U12 2023"]
[Site "Magdeburg GER"]
[Date "2023.12.30"]
[Round "7"]
[White "Li, Yunqi"]
[Black "Derr, Oleg"]
[Result "1/2-1/2"]
[Termination "normal"]
[Board "1.1"]
[WhiteElo "1667"]
[BlackElo "1801"]
[WhiteClock "00:12:48"]
[BlackClock "01:13:31"]
[WhiteTeam "SF 59 Kornwestheim"]
[BlackTeam "VSG 1880 Offenbach"]
[PlyCount "40"]
[WhiteFideId "34610618"]
[BlackFideId "34611517"]
[EventCountry "GER"]
[EventRounds "7"]
[EventType "team-swiss"]
[EventDate "2023.12.26"]

1. d4 {[%clk 01:30:56]} {[%emt 00:00:04]} Nf6 {[%clk 01:30:52]} {[%emt
00:00:09]} 2. Nf3 {[%clk 01:31:19]} {[%emt 00:00:06]} g6 {[%clk 01:31:14]}
{[%emt 00:00:08]} 3. c4 {[%clk 01:31:38]} {[%emt 00:00:11]} Bg7 {[%clk
01:31:30]} {[%emt 00:00:14]} 4. g3 {[%clk 01:31:56]} {[%emt 00:00:11]} O-O
{[%clk 01:30:59]} {[%emt 00:01:01]} 5. Bg2 {[%clk 01:31:52]} {[%emt 00:00:36]}
c6 {[%clk 01:31:24]} {[%emt 00:00:05]} 6. O-O {[%clk 01:28:33]} {[%emt
00:03:48]} d5 {[%clk 01:31:47]} {[%emt 00:00:07]} 7. cxd5 {[%clk 01:18:13]}
{[%emt 00:10:50]} cxd5 {[%clk 01:32:13]} {[%emt 00:00:05]} 8. Nc3 {[%clk
01:08:39]} {[%emt 00:10:04]} Nc6 {[%clk 01:32:01]} {[%emt 00:00:40]} 9. e3
{[%clk 01:04:12]} {[%emt 00:04:58]} Bf5 {[%clk 01:30:29]} {[%emt 00:02:01]} 10.
Nh4 {[%clk 01:01:22]} {[%emt 00:03:20]} Bg4 {[%clk 01:29:03]} {[%emt 00:01:57]}
11. Qa4 {[%clk 00:59:11]} {[%emt 00:02:41]} a6 {[%clk 01:28:04]} {[%emt
00:01:28]} 12. b4 {[%clk 00:55:31]} {[%emt 00:04:10]} Rc8 {[%clk 01:24:36]}
{[%emt 00:03:57]} 13. Bd2 {[%clk 00:49:47]} {[%emt 00:06:15]} Be6 {[%clk
01:22:31]} {[%emt 00:02:35]} 14. Rab1 {[%clk 00:44:15]} {[%emt 00:06:03]} Nb8
{[%clk 01:20:30]} {[%emt 00:02:28]} 15. Qd1 {[%clk 00:26:16]} {[%emt 00:18:31]}
b5 {[%clk 01:19:30]} {[%emt 00:01:29]} 16. a4 {[%clk 00:23:27]} {[%emt
00:03:21]} Qb6 {[%clk 01:19:13]} {[%emt 00:00:45]} 17. a5 {[%clk 00:22:58]}
{[%emt 00:01:01]} Qd6 {[%clk 01:18:54]} {[%emt 00:00:47]} 18. Qe2 {[%clk
00:16:04]} {[%emt 00:07:26]} Rc4 {[%clk 01:17:55]} {[%emt 00:01:29]} 19. Qd3
{[%clk 00:14:45]} {[%emt 00:01:49]} Rfc8 {[%clk 01:16:42]} {[%emt 00:01:43]}
20. Ne2 {[%clk 00:12:48]} {[%emt 00:02:28]} Bd7 {[%clk 01:13:31]} {[%emt
00:03:40]} 1/2-1/2